Pages de début (notice n° 1546327)
[ vue normale ]
| 000 -LEADER | |
|---|---|
| fixed length control field | 00510cam a2200157 4500500 |
| 005 - DATE AND TIME OF LATEST TRANSACTION | |
| control field | 20251012031723.0 |
| 041 ## - LANGUAGE CODE | |
| Language code of text/sound track or separate title | fre |
| 042 ## - AUTHENTICATION CODE | |
| Authentication code | dc |
| 100 10 - MAIN ENTRY--PERSONAL NAME | |
| Personal name | Bruley, Pauline |
| Relator term | author |
| 245 00 - TITLE STATEMENT | |
| Title | Pages de début |
| 260 ## - PUBLICATION, DISTRIBUTION, ETC. | |
| Date of publication, distribution, etc. | 2025.<br/> |
| 500 ## - GENERAL NOTE | |
| General note | 65 |
| 700 10 - ADDED ENTRY--PERSONAL NAME | |
| Personal name | de Vitry, Alexandre |
| Relator term | author |
| 786 0# - DATA SOURCE ENTRY | |
| Note | Bulletin de l’Amitié Charles Péguy | 185 | 1 | 2025-05-13 | p. I-II | 0180-8567 |
| 856 41 - ELECTRONIC LOCATION AND ACCESS | |
| Uniform Resource Identifier | <a href="https://shs.cairn.info/bulletin-de-l-amitie-charles-peguy-2025-1-page-I?lang=fr&redirect-ssocas=7080">https://shs.cairn.info/bulletin-de-l-amitie-charles-peguy-2025-1-page-I?lang=fr&redirect-ssocas=7080</a> |
Pas d'exemplaire disponible.




Réseaux sociaux